Cette année-là: 1814 - Statistiques

Statistiques générales
  • Ce quiz a été pris 27 fois
  • Le résultat moyen est 5 sur 10
Statistiques - réponses
Indices Réponses % Correct
3 mai: Frère de Louis le seizième, j'entre à Paris. Louis XVIII
100%
14 juin: Frère du nouveau Roi, je suis nommé lieutenant-général du royaume. Charles d'Artois
81%
17 janvier: Maréchal et beau frère de l'empereur, je le trahit en m'alliant à ses ennemis Joachim Murat
71%
1er novembre: ouverture de ce congrès qui réorganise l'Europe post Napoléonienne Congrès de Vienne
62%
12 mai: Une ordonnance remplace le drapeau tricolore par le ... drapeau blanc
57%
2 avril: suite à l'entrée des coalisés à Paris, cette institution déchoit l'empereur Sénat conservateur
57%
7 août: Cette congrégation, dissoute en 1773, est refondée Compagnie de Jésus (jésuites)
33%
4 juin: Cette nouvelle constitution rentre en vigueur Charte constitutionnelle
29%
24 août: Cette célèbre résidence de chef d'Etat est incendiée par l'armée britannique la Maison Blanche
14%
11 avril: Ce traité proclame l'abdication de Napoléon qui devient souverain de l'île d'Elbe. Traité de Fontainebleau
10%
Aucun quiz correspondant
Distribution des résultats
% des personnes avec chaque résultat
Percentile par nombre de réponses
Votre historique - résultats
Vous n’avez pas pris ce quiz